000 00297nam a2200133Ia 4500
008 231129s1987||||xx |||||||||||||| ||spa||
040 _bspa
082 _aCo863 R173n
100 _aRamirez G. Heli
245 0 _aLa noche de su desvelo
260 _c1987
264 _a[s.n.]
942 _2ddc
_cBKS
999 _c17741
_d17741